SEGNO CINEMA, ANNO 15-N.72 (MARZO/APRILE 1995) (Record n. 136136)
[ formato base ]
| 000 -LEADER | |
|---|---|
| fixed length control field | 00919nas a2200253Ia 4500 |
| 001 - CONTROL NUMBER | |
| control field | R035/D0779 |
| 003 - CONTROL NUMBER IDENTIFIER | |
| control field | IT-RoPAU |
| 008 - FIXED-LENGTH DATA ELEMENTS--GENERAL INFORMATION | |
| fixed length control field | 151124c99999999xx |||||||||||| ||und|| |
| 040 ## - CATALOGING SOURCE | |
| Original cataloging agency | IT-RoPAU |
| 040 ## - CATALOGING SOURCE | |
| Transcribing agency | IT-RoPAU |
| 041 ## - LANGUAGE CODE | |
| Language code of text/sound track or separate title | ITALIANO |
| 100 ## - MAIN ENTRY--PERSONAL NAME | |
| Personal name | Cappabianca Alessandro |
| Miscellaneous information | Codice Aut. SPICS: 8481 |
| 210 ## - ABBREVIATED TITLE | |
| Abbreviated title | SEGNO CINEMA |
| 222 ## - KEY TITLE | |
| Key title | Segno Cinema |
| 245 ## - TITLE STATEMENT | |
| Title | SEGNO CINEMA, ANNO 15-N.72 (MARZO/APRILE 1995) |
| Remainder of title | Enigma Della Bruttezza (L') |
| 250 ## - EDITION STATEMENT | |
| Edition statement | 1a ed. |
| 260 ## - PUBLICATION, DISTRIBUTION, ETC. (IMPRINT) | |
| Place of publication, distribution, etc. | VICENZA |
| Name of publisher, distributor, etc. | CINEFORUM |
| Date of publication, distribution, etc. | 1995 |
| 300 ## - PHYSICAL DESCRIPTION | |
| Extent | 3 p. [18-20] |
| 362 ## - DATES OF PUBLICATION AND/OR SEQUENTIAL DESIGNATION | |
| Dates of publication and/or sequential designation | ANNO 015, N.72 (MARZO/APRILE 1995) |
| 501 ## - WITH NOTE | |
| -- | Paulus - SPICS - Società San Paolo EM (non-commercial uses only) |
| -- | Copyright2015 |
| 500 ## - GENERAL NOTE | |
| General note | Dal Mostruoso All'Insignificante. per una Storia dell'Opacità dei Corpi nel Cinema. Paradigma della Bruttezza. Gusto Cinematografico. Il Brutto Oggi. |
| 650 ## - SUBJECT ADDED ENTRY--TOPICAL TERM | |
| Topical term or geographic name as entry element | CINEMA |
| Form subdivision | PUBBLICAZIONE PERIODICA |
| 942 ## - ADDED ENTRY ELEMENTS (KOHA) | |
| Koha item type | RIVISTA |
| Withdrawn status | Lost status | Damaged status | Not for loan | Home library | Current library | Date acquired | Total Checkouts | Full call number | Date last seen | Price effective from | Koha item type | Public note |
|---|---|---|---|---|---|---|---|---|---|---|---|---|
| Buone Condizioni | Not For Loan | SPICS-MEDIATECA | SPICS-MEDIATECA | 25/11/2015 | R035/D0779 | 25/11/2015 | 25/11/2015 | RIVISTA | Progr. Ins: 35400 / Copia rara: NO / date import: 25.11.2015 / By Epidotti, Trombetti, Vaglietti |